00558nam a22001812 4500001001100000005001700011008004100028020001700069040001500086100003700101245006900138250001800207260002900225300001900254650006300273651003700336852000300373000002132120151217154454.0120314s xx 000 0 eng d a8120330962 : aKABUcKABU1 aCherunilam, Francis.@000015145910aInternatiional business :btext and cases /cFrancis Cherunilam. a4th rev. ed. aNew Delhi :bPHI,c2007. axxiii, 848 p. 0aInternational business enterprisexManagement.@0000150909 0aInternational trade.@00001696921